000 01175nam0a22003251 4500
001 rc\2134486
005 20110826153432.6
035 _a(NLR Aleph) 006523756
090 _a6458695
_c6458695
100 _a20110826d1979 |||y0rusy50 ca
101 0 _arus
102 _aRU
105 _aa z |||||
200 1 _aДревесный уголь
_eПолучение, основные свойства и обл. применения древес. угля
_f[Бронзов О.В., Уткин Г.К., Кислицын А.Н. и др.]
210 _aМосква
_cЛесная пром-сть
_d1979
215 _a137 с.
_cил.
_d20
300 _aАвт. указаны в вып. дан.
320 _aБиблиогр.: с. 133-136 (40 назв.)
606 _aДревесный уголь
_2psbo
686 _aЛ762.2,0
_2rubbk
701 1 _aКислицын
_bА. Н.
701 1 _aБронзов
_bО. В.
_gОлег Всеволодович
701 1 _aУткин
_bГ. К.
801 0 _aRU
_bNLR
_gpsbo
801 1 _aRU
_bELAR
_2rusmarc
852 _aNLR
_j80-3/2178
899 _aRuMoRGB
_jB 79-57/300
899 _aRuMoRGB
_jB 79-57/301
942 _cBOOK
980 _aNB